| 000 | 00596cam a2200205 4500500 | ||
|---|---|---|---|
| 005 | 20260329001641.0 | ||
| 041 | _afre | ||
| 042 | _adc | ||
| 100 | 1 | 0 |
_aMarongiu, Jean-Baptiste _eauthor |
| 245 | 0 | 0 | _aDante, esprit d’humanisme |
| 260 | _c2008. | ||
| 500 | _a13 | ||
| 690 | _aCastelluci | ||
| 690 | _aDante | ||
| 690 | _aDivine Comédie | ||
| 690 | _aHumanisme | ||
| 690 | _aThéâtre | ||
| 786 | 0 | _nPhilosophie magazine | 21 | 7 | 2008-07-01 | p. 38-40 | 1951-1787 | |
| 856 | 4 | 1 | _uhttps://shs.cairn.info/magazine-philosophie-magazine-2008-7-page-38?lang=fr&redirect-ssocas=7080 |
| 999 |
_c1807322 _d1807323 |
||